China's National Central Cities - Statistics

General Stats
  • This quiz has been taken 40 times
  • The average score is 5 of 6
Answer Stats
Answer % Correct
Guangzhou
97%
Beijing
94%
Shanghai
91%
Tianjin
74%
Chengdu
69%
Chongqing
66%
No matching quizzes found
Score Distribution
Percent of People with Each Score
Percentile by Number Answered
Your Score History
You have not taken this quiz